Finland : Selected Issues.

This Selected Issues paper on Finland discusses that the country is struggling to recover from the Great Recession, indicating that deeper, structural issues may be holding back growth. Estimates of potential output for Finland are an important part of the toolkit for policymakers-but they come with...

Description complète

Détails bibliographiques
Collectivité auteur: International Monetary Fund. European Dept
Format: Revue
Langue:English
Publié: Washington, D.C. : International Monetary Fund, 2014.
Collection:IMF Staff Country Reports; Country Report ; No. 2014/140
Accès en ligne:Full text available on IMF
LEADER 02209cas a2200241 a 4500
001 AALejournalIMF014417
008 230101c9999 xx r poo 0 0eng d
020 |c 5.00 USD 
020 |z 9781498331333 
022 |a 1934-7685 
040 |a BD-DhAAL  |c BD-DhAAL 
110 2 |a International Monetary Fund.  |b European Dept. 
245 1 0 |a Finland :   |b Selected Issues. 
264 1 |a Washington, D.C. :  |b International Monetary Fund,  |c 2014. 
300 |a 1 online resource (60 pages) 
490 1 |a IMF Staff Country Reports 
500 |a <strong>Off-Campus Access:</strong> No User ID or Password Required 
500 |a <strong>On-Campus Access:</strong> No User ID or Password Required 
506 |a Electronic access restricted to authorized BRAC University faculty, staff and students 
520 3 |a This Selected Issues paper on Finland discusses that the country is struggling to recover from the Great Recession, indicating that deeper, structural issues may be holding back growth. Estimates of potential output for Finland are an important part of the toolkit for policymakers-but they come with a degree of uncertainty. As this paper illustrates, the use of different methodologies and assumptions can lead to different results. However, there are indications that Finnish potential output growth is low at this juncture. From 1997 to 2007, potential growth, independent of the choice of smoothing, averages 3.2 percent per year. In 2013, that average has dropped to 0.2 with several of the models producing negative growth. This result indicates that the lack of a recovery in Finland is largely structural in nature. Therefore, any indication that the output gap is closing is due to falling potential rather than a pickup in growth. This leads to the advantages of structural reforms aiming to enhance Finland's long-term capacity. Total factor productivity enhancing measures could be crucial in helping the economy recover despite the time it takes to implement them. 
538 |a Mode of access: Internet 
830 0 |a IMF Staff Country Reports; Country Report ;  |v No. 2014/140 
856 4 0 |z Full text available on IMF  |u http://elibrary.imf.org/view/journals/002/2014/140/002.2014.issue-140-en.xml  |z IMF e-Library